• 首页
  • 本馆介绍
  • 公告通知
  • 最新文献
  • 馆藏检索
  • 电子资源
  • 读者导购
  • 参考咨询
  • 我的图书馆
  • 登录
  • 详细信息显示
  • 放入我的书架
  • 预约/预借图书
  • 作者相关作品
  • 分类相关作品
  • 丛书相关作品
  • 出版社相关作品

书目信息

  • 表格格式
  • 工作单格式
  • 卡片格式
题名:
模拟电子技术基础
    
 
作者: 高晓丹 , 陈尹萍 , 魏纯 主编
分册:  
出版信息: 武汉   华中科技大学出版社  2022
页数: 297页
开本: 26cm
丛书名:
单 册:
中图分类: TN710.4 , TN710
科图分类:
主题词: 模拟电路--电子技术--高等职业教育--教材
电子资源:
ISBN: 978-7-5680-7796-5
000 01106nam0 2200265 450
001 2276750246
005 20220930211938.67
010    @a978-7-5680-7796-5@dCNY48.00
100    @a20220413d2022 em y0chiy50 ea
101 0  @achi
102    @aCN@b420000
105    @aa z 000yy
200 1  @a模拟电子技术基础@9mo ni dian zi ji shu ji chu@f高晓丹,陈尹萍,魏纯主编
210    @a武汉@c华中科技大学出版社@d2022
215    @a297页@c图@d26cm
300    @a高等职业教育电子与信息大类“十四五”系列教材
330    @a本书是结合应用型本科院校课程教学改革编写的,内容包括直流稳压电源的设计与实践、助听器的设计与实践、心电信号放大器的设计与实践、扩音器的设计与实践和波形发生电路的设计与实践五个项目,每一个项目下面设计有若干任务,结合Multisim仿真完成任务的实施,加强知识点的理解和应用,提升实践技能,满足学生的实践应用能力需求。
606 0  @a模拟电路@x电子技术@x高等职业教育@j教材
690    @aTN710.4@v5
690    @aTN710@v4
701  0 @a高晓丹@9gao xiao dan@4主编
701  0 @a陈尹萍@9chen yin ping@4主编
701  0 @a魏纯@9wei chun@4主编
801  0 @aCN@b91MARC@c20220413
905    @aZUCC@dTN710@e26
    
    模拟电子技术基础/高晓丹,陈尹萍,魏纯主编.-武汉:华中科技大学出版社,2022
    297页:图;26cm
    高等职业教育电子与信息大类“十四五”系列教材
    
    ISBN 978-7-5680-7796-5:CNY48.00
    本书是结合应用型本科院校课程教学改革编写的,内容包括直流稳压电源的设计与实践、助听器的设计与实践、心电信号放大器的设计与实践、扩音器的设计与实践和波形发生电路的设计与实践五个项目,每一个项目下面设计有若干任务,结合Multisim仿真完成任务的实施,加强知识点的理解和应用,提升实践技能,满足学生的实践应用能力需求。
●
相关链接 在五车中查询图书 在当当中查询图书 在豆瓣中查询图书


正题名:模拟电子技术基础     索取号:TN710/26         预约/预借

序号 登录号 条形码 馆藏地/架位号 状态 备注
1 2000909689   2000909689   第三书库/ [索取号:TN710/26] 在馆    
2 2000909690   2000909690   第三书库/ [索取号:TN710/26] 在馆    
3 2000909691   2000909691   第三书库/ [索取号:TN710/26] 在馆    
山东省滨州职业学院图书馆 欢迎您!
大连网信软件有限公司© 版权所有